La Ideología en los textos : antología /
Gorde:
| Egile Nagusiak: | , |
|---|---|
| Formatua: | Ezezaguna |
| Hizkuntza: | Spanish |
| Argitaratua: |
México :
Marcha Editores,
1982.
|
| Gaiak: | |
| Etiketak: |
Etiketa erantsi
Etiketarik gabe, Izan zaitez lehena erregistro honi etiketa jartzen!
|
MARC
| LEADER | 000000000a22000000004500 | ||
|---|---|---|---|
| 001 | 014441 | ||
| 020 | |a 9684810075 | ||
| 041 | 0 | |a spa | |
| 082 | 0 | 4 | |a 335.19 |b C339i |
| 100 | 1 | |a Cassígoli, Armando | |
| 100 | 1 | |a Villagrán, Carlos | |
| 245 | 1 | 3 | |a La Ideología en los textos : |b antología / |c Armando Cassígoli, Carlos Villagrán. |
| 260 | 1 | |a México : |b Marcha Editores, |c 1982. | |
| 300 | |a 263 páginas | ||
| 650 | 4 | |a COMUNISMO | |
| 500 | |a Colección George Yúdice | ||
| 999 | |c 20331 |d 20331 | ||
| 942 | |c BK |h 335.19 C339i |2 z | ||



